000 00369nam a2200121Ia 4500
008 231221s9999 xx 000 0 und d
041 _aEnglish
082 _aJNEE18-1776
100 _aP Surekha. Pavan Gurudath. R Prithvi. V G Ritesh Ananth.
245 0 _aAutomatic License Plate Recognition Using Image Processing And Neural Network
260 _c2018
942 _cIR
999 _c236102
_d236102